Námety pre agrárnu politiku.

Princípy transformácie agropotravinárskeho komplexu musia byť v súlade s princípami prijatými pre celé národné hospodárstvo. Základným atribútom trhovej ekonomiky je aj v APK konkurenčné prostredie. Dôležitosť odstraňovania colných bariér pre dovoz i pre vývoz poľnohospodárskych produktov. Negatívne...

Celý popis

Uložené v:
Podrobná bibliografia
Hlavný autor: Bobaľa, Juraj
Médium: Kapitola
Jazyk:Slovak
Predmet:
Tagy: Pridať tag
Žiadne tagy, Buďte prvý, kto otaguje tento záznam!

MARC

LEADER 00000naa a2200000 4500
001 r009742
005 20221025140047.3
041 0 |a slo 
044 |a [CS] 
245 1 0 |a Námety pre agrárnu politiku.  |c Juraj Bobaľa 
520 |a Princípy transformácie agropotravinárskeho komplexu musia byť v súlade s princípami prijatými pre celé národné hospodárstvo. Základným atribútom trhovej ekonomiky je aj v APK konkurenčné prostredie. Dôležitosť odstraňovania colných bariér pre dovoz i pre vývoz poľnohospodárskych produktov. Negatívne dopady subvenčnej politiky. Nevyhnutnosť zabezpečenia priority tvorcu hodnôt pri rozdeľovaní, vytvorenia rovných štartovacích podmienok pre všetky druhy vlastníctva, zbližovania vlastníka a bezprostredného výrobcu. 
610 2 0 |a politika poľnohospodárska 
610 2 0 |a komplex poľnohospodársko-potravinársky 
610 2 0 |a transformácia 
610 2 0 |a clá 
610 2 0 |a trh 
610 2 0 |a subvencie 
610 2 0 |a vlastníctvo 
610 2 0 |a konkurencia 
610 2 0 |a výrobky poľnohospodárske 
610 2 0 |a ČSFR 
610 2 0 |a hospodárstvo trhové 
100 1 |a Bobaľa, Juraj